Language Quiz

Random Language or Letter Quiz

The Haggard Hawks Palindrome Game Quiz Stats

 Plays Quiz not verified by Sporcle

Challenge
Share
Tweet
Embed
Score 0/30 Timer 04:00
0 Plays Today
% Correct
OLILO
56.5%
ETATE
53.3%
CATAC
52.1%
TILIT
49.8%
MONOM
48.2%
CAPAC
47.4%
ERDRE
45.9%
ATUTA
44.4%
ERGRE
44.4%
ALALA
44.3%
ITATI
43.3%
REXER
42.5%
ETITE
41.9%
DIVID
41.5%
NEMEN
39.6%
% Correct
REFER
39%
ERBRE
37.9%
REWER
36.9%
RANAR
36.8%
UNDNU
34.7%
SELES
34.6%
TANAT
32.6%
TIVIT
31.9%
ILDLI
31.2%
ORERO
29.6%
ATSTA
27.8%
OTSTO
25.4%
ININI
19.9%
SENES
19.6%
LOVOL
18.7%

You're not logged in!

Compare scores with friends on all Sporcle quizzes.
OR
Log In

You Might Also Like...

Show Comments

Extras

Top Quizzes Today


Score Distribution

Your Account Isn't Verified!

In order to create a playlist on Sporcle, you need to verify the email address you used during registration. Go to your Sporcle Settings to finish the process.

Report this User

Report this user for behavior that violates our Community Guidelines.

Details: